Tous les noms des albums des Tuniques Bleues - Statistiques

Statistiques générales
  • Ce quiz a été pris 25 fois
  • Le résultat moyen est 29 sur 66
Statistiques - réponses
Nom de l'Album % Correct
48 Arabesque
75%
6 La prison de Robertsonville
75%
19 Le David
75%
2 Du Nord au Sud
69%
12 Les Bleus tournent cosaques
69%
18 Blue rétro
63%
14 Le blanc-bec
63%
28 Les Bleus de la balle
63%
7 Les Bleus de la marine
63%
5 Les déserteurs
63%
26 L'or du Québec
63%
4 Outlaw
63%
15 Rumberley
63%
25 Des Bleus et des bosses
56%
37 Duel dans la Manche
56%
17 El Padre
56%
13 Les Bleus dans la gadoue
56%
23 Les cousins d'en face
56%
44 L'oreille de Lincoln
56%
1 Un chariot dans l'Ouest
56%
34 Vertes années
56%
24 Baby blue
50%
16 Bronco Benny
50%
32 Les bleus en folie
50%
58 Les Bleus se mettent au vert
50%
51 Stark sous toutes les coutures
50%
20 Black Face
44%
27 Bull Run
44%
30 La Rose de Bantry
44%
40 Les hommes de paille
44%
36 Quantrill
44%
42 Qui veut la peau du général ?
44%
62 Sallie
44%
35 Captain Nepel
38%
57 Colorado story
38%
22 Des Bleus et des dentelles
38%
29 En avant l'amnésique !
38%
66 irish Melody
38%
63 La bataille du Cratère
38%
9 La grande patrouille
38%
50 La traque
38%
65 L'envoyé spécial
38%
41 Les Bleus en cavale
38%
8 Les cavaliers du ciel
38%
61 L'étrange soldat Franklin
38%
54 Miss Walker
38%
46 Requiem pour un Bleu
38%
53 Sang bleu chez les Bleus
38%
11 Des Bleus en noir et blanc
31%
10 Des Bleus et des tuniques
31%
31 Drummer boy
31%
45 Emeutes à New York
31%
3 Et pour 1500 dollars en plus
31%
33 Grumbler et fils
31%
21 Les cinq salopards
31%
47 Les Nancy Hart
31%
38 Les planqués
31%
49 Mariage à Fort Bow
31%
39 Puppet Blues
31%
60 Carte blanche pour un Bleu
25%
56 Dent pour dent
25%
52 Des Bleus dans le brouillard
25%
43 Des Bleus et du blues
25%
55 Indien, mon frère
25%
64 Où est donc Arabesque ?
19%
59 Les quartes évangélistes
6%
Aucun quiz correspondant
Distribution des résultats
% des personnes avec chaque résultat
Percentile par nombre de réponses
Votre historique - résultats
Vous n’avez pas pris ce quiz